000
00261nam a2200109Ia 4500
008
190216s9999||||xx |||||||||||||| ||und||
100
_a
Ganapathi Iyer.V
245
0
_a
Mathematical Analysis
260
_b
Tata Mcgrawhill Publishers
300
_a
352
942
_c
BK
999
_c
30618
_d
30618